Statystyki dla Państwa najbliższe Słowenii

Kliknij tutaj aby rozwiązać quiz!

Ogólne statystyki

  • Ten quiz został rozwiązany 180 razy
    (177 od ostatniego zresetowania)
  • Średni wynik to 17 z 20

Statystyki odpowiedzi

kmPaństwo% Poprawnych
0Austria
94%
357Polska
94%
0Chorwacja
93%
96Słowacja
92%
45Bośnia i
Hercegowina
91%
207Czechy
91%
117Niemcy
91%
0Węgry
91%
0Włochy
90%
205Serbia
87%
226Szwajcaria
87%
370Czarnogóra
83%
479Kosowo
81%
496Francja
80%
284Rumunia
80%
468Albania
79%
300Liechtenstein
74%
185San Marino
70%
405Watykan
70%
533Monako
51%

Rozkład punktacji

Percentyl według liczby udzielonych odpowiedzi

Procent ludzi z każdym wynikiem

Twoja historia wyników

Nie rozwiązałeś tego quizu od ostatniego zresetowania